00669nam a2200181Ia 4500008004000000020001800040082001600058100003000074245007500104250000500179260007300184300001200257650002200269690002100291906001000312999001900322952014600341210210b2003 xxu||||| |||| 00| 0 eng d a81 8131 000 4 a032.02 ENCI aENCYCLOPAEDIA BRITANNICA. aIndia book of the year 2003. events of December 2001 to November 2002. a aNew Delhi.bThe Hindu, Encyclopedia Britannica India Pvt Ltd.,c2003 axii,404 aYearbook 2003  aGeneral Knowledg a05849 c105966d105966 001040738GeneralaALbALcGenerald2021-02-17eBook World, Mangalore.g295.00l0o032.02 ENCIp058495r2021-02-17 00:00:00w2021-02-17yBK